[Event "La Pobla de Lillet op-B 32nd"]
[Site "La Pobla de Lillet"]
[Date "2023.08.07"]
[Round "6"]
[White "Law, Peter"]
[Black "Domingo Moratalla, Julio"]
[Result "1/2-1/2"]
[WhiteElo "1716"]
[BlackElo "1628"]
[PlyCount "74"]
[EventDate "2023.08.02"]
[EventType "swiss"]
[EventRounds "9"]
[EventCountry "ESP"]
[SourceTitle "EXT 2024"]
[Source "ChessBase"]
[SourceDate "2023.10.10"]
[SourceVersion "1"]
[SourceVersionDate "2023.10.10"]
[SourceQuality "1"]

1. d4 Nf6 2. c4 e6 3. g3 d5 4. Bg2 c6 5. Nf3 Bb4+ 6. Nbd2 Nbd7 7. 0-0 0-0 8. Qb3 Bd6 9. Re1 Bc7 10. e4 dxe4 11. Nxe4 Nxe4 12. Rxe4 Nf6 13. Rh4 Bd6 14. Bg5 Be7 15. Re1 Ne8 16. Bxe7 Qxe7 17. Qd3 g6 18. Qd2 f6 19. c5 Ng7 20. Rhe4 Rd8 21. Qc3 Rb8 22. Nd2 b6 23. b4 b5 24. h4 Ne8 25. R4e2 Qc7 26. Nb3 Ng7 27. Qf3 Nf5 28. Re4 Kf7 29. Bh3 Rd5 30. Bxf5 Rxf5 31. Qe3 Bd7 32. g4 Rd5 33. Qh6 Kg8 34. Qe3 Re8 35. Qf3 Kf7 36. Nc1 Kg7 37. Ne2 e5 1/2-1/2

[Event "Rutas de Cuenca op 3rd"]
[Site "Cuenca"]
[Date "2016.06.18"]
[Round "5"]
[White "Domingo Moratalla, Julio"]
[Black "Ruiz Ledo, Antonio"]
[Result "0-1"]
[WhiteElo "1704"]
[BlackElo "2073"]
[PlyCount "68"]
[EventDate "2016.06.17"]
[EventType "swiss"]
[EventRounds "7"]
[EventCountry "ESP"]
[SourceTitle "EXT 2019"]
[Source "ChessBase"]
[SourceDate "2018.10.10"]
[SourceVersion "1"]
[SourceVersionDate "2018.10.10"]
[SourceQuality "1"]

1. c4 e5 2. Nc3 c5 3. g3 g6 4. Bg2 Bg7 5. d3 Nc6 6. Nf3 Nge7 7. Rb1 0-0 8. Bg5 h6 9. Bd2 d6 10. a3 a5 11. Qc1 Kh7 12. h4 Nd4 13. Nxd4 cxd4 14. Nd5 Nxd5 15. Bxd5 Qe7 16. h5 g5 17. b4 a4 18. c5 Rd8 19. c6 bxc6 20. Bxc6 Bb7 21. b5 Rdc8 22. 0-0 Qe6 23. Rb2 Bxc6 24. bxc6 d5 25. Rc2 Rc7 26. Qb1 Ra6 27. Rfc1 Rcxc6 28. Qb5 Rxc2 29. Rxc2 e4 30. Rc5 e3 31. fxe3 dxe3 32. Be1 Rb6 33. Qxa4 Rb1 34. Qa5 Qh3 0-1

[Event "La Pobla de Lillet op 25th A"]
[Site "La Pobla de Lillet"]
[Date "2015.08.02"]
[Round "2.17"]
[White "Garcia Galeote, Lorenzo"]
[Black "Domingo Moratalla, Julio"]
[Result "1-0"]
[WhiteElo "1973"]
[BlackElo "1694"]
[PlyCount "67"]
[EventDate "2015.08.01"]
[EventType "swiss"]
[EventRounds "9"]
[EventCountry "ESP"]
[SourceTitle "EXT 2024"]
[Source "ChessBase"]
[SourceDate "2023.10.10"]
[SourceVersion "1"]
[SourceVersionDate "2023.10.10"]
[SourceQuality "1"]

1. d4 Nf6 2. Nf3 g6 3. Nbd2 d5 4. c4 c6 5. e3 Bg7 6. Bd3 Nbd7 7. 0-0 0-0 8. Rb1 Re8 9. b4 Qc7 10. Bb2 Ng4 11. h3 Nh6 12. Qb3 Qd6 13. e4 e6 14. b5 Bf8 15. Rfe1 Rd8 16. Bc3 Qa3 17. Qc2 Qd6 18. Bb4 c5 19. Ba3 b6 20. cxd5 exd5 21. e5 Qe7 22. dxc5 Nxc5 23. Nd4 Bb7 24. N2b3 Rac8 25. Nxc5 bxc5 26. Qd2 Qh4 27. Nf3 Qa4 28. Bb2 c4 29. Bc2 Qxb5 30. e6 fxe6 31. Qd4 Nf7 32. Rxe6 Qc5 33. Qf6 Rd6 34. Bxg6 1-0